00506cam a2200169 a 4500001000800000005001700008008004100025020003900066040001800105082001500123245005900138260005800197300001800255650001400273700002300287700002600310210899220231130053825.0961021s1997 enka b 001 0 eng  a0192892703 (pbk. : acidfree paper) aDLCcDLCdDLC00a305.4222100aFeminisms /cedited by Sandra Kemp and Judith Squires. aOxford ;aNew York :bOxford University Press,c1997. axii, 599 p. : 0aFeminism.1 aKemp, Sandra.eedt1 aSquires, Judith.eedt